00797nam a22002417a 450000500170000001000130001702000230003003500130005303700160006604000120008208200160009410000290011024500470013926000460018627000480023230000250028050000190030565000280032465000320035294200250038499900190040995201270042820170124110205.0 aB-106778 a8120322495c195.00 aB-106778 bCen Lib/Ret aDPLbEN a004.16bCLA aClark, Scoot H.A.937183 aFaster smarter PCs /cby Scott H.A. Clark  aNew Delhi bPrentice Hall of India c2003 aM-97, connaught circus bNew Delhi e110001 axiv, 300p.c21cm(Hb) aIncludes index aComputer science937184 aComputer components 937185 2ddccENh004.16mCLA c133209d133209 00104070aLbLd2015-07-25eCen Lib/Retg195.00l0o004.16 CLApB-106778r2015-07-25 00:00:00t1v195.00w2015-07-25yEN